00915nam a22002657a 450000500170000001000130001702000110003003500130004103700160005404000120007008200150008210000220009724501030011925000120022226000360023427000610027030000250033150000230035665000410037965000310042070000180045194200240046999900190049395201370051220170124110219.0 aB-025919 c120.00 aB-025919 bCen Lib/Ret aDPLbEN a351.1bMUT aMuthuswamy939550 aSwami's compilation of the fundamental rules and supplementary rules /cby Muthuswamy [and] Brinda a15th ed aChennaibSwamy Publishersc2001 a236, R. K. Mutt Road, Post Box No. 2468bChennaie600028 aix,270p. c21cm(pbk) aIncludes index  aIndia-Officials and employees927854 aPersonal management939551 aBrinda939133 2ddccENh351.1mMUT c134016d134016 001040718REFaLbLd2015-07-28eCen Lib/Ret g120.00l0o351.1 MUTpB-025919r2015-07-28 00:00:00t1v120.00w2015-07-28yEN